000 00471nam a22001697a 4500
003 CEME
005 20210628210437.0
008 210208b xxu||||| |||| 00| 0 eng d
040 _c.
082 _a297.7 MAH
100 _aGhagoi, Mufti Mahmood Hassan Mufti Mahmood Hassan Ghagoi
_979430
245 _aMalfozaat-e-faqieh-ul-umat
250 _a2-VOLS
260 _aLAHORE
_bMAKTABA MADINA
_c1986
650 _aISLAM-MALFOZAAT-E-FAQIEH-UL-UMAT
_979431
942 _cBK
_2ddc
999 _c584471
_d584471